| 000 | 00712nam a2200193 i 4500 | ||
|---|---|---|---|
| 001 | 133570 | ||
| 003 | ES-MaACL | ||
| 005 | 20250815110838.0 | ||
| 007 | t| | ||
| 008 | 070821s1888 xxu ||||1| eng d | ||
| 100 | 1 |
_aStevenson, John James. _9108167 |
|
| 245 | 1 | 0 |
_aReport of the Sub-Committee on upper paleozoic (carbonic) / _cJ. J. Stevenson. |
| 260 |
_a[S.l. : _bs.n., _c1888?] |
||
| 300 |
_aD1-D-14 ; _c23 cm. |
||
| 500 | _aFrom American Committee's reports to Intern. Geol. Cong., 1884. | ||
| 650 | 0 | 7 |
_aGeologĂa _2embne _913086 |
| 852 |
_aES-MaACL _jT-901-F-22 _z.- Legado de Federico de Botella y de Hornos _z.- Enc. en un vol. facticio falto de la cub. original |
||
| 999 |
_c133570 _d133570 |
||